000 00651nam a2200181Ia 4500
003 GCL
008 140319s9999 xx 000 0 ara d
040 _aGCL /
_cGCL
082 0 4 _a485
_bا ق
100 1 _aابراهيم السايح
245 1 0 _aقواعد اللغة اليونانية: دراسة مبسطة للقواعد والترجمة من والى الانجليزية /
_cابراهيم السايح
300 _a239 ص
490 _aالهيئة العامة للاستعلامات
_v0
650 0 4 _aاللغات
650 0 4 _aاللغة اليونانية
650 0 4 _aاللغة اليونانية - قواعد
942 _2ddc
_cBK
999 _c49193
_d49193